Retrouver le titre des comédies musicales - Statistiques

Statistiques générales
  • Ce quiz a été pris 20 fois
  • Le résultat moyen est 95 sur 251
Statistiques - réponses
Hint Réponse % Correct
Tu deviens ma priorité Je fais de toi mon essentiel
79%
Enduis moi d’encre Tatoue moi
79%
Avoir un penchant pour Aimer
71%
Bon bah ok Alors d'accord
71%
Se kiffer est prohibé S'aimer est interdit
71%
Trinquons A nous
64%
De quelle manière lui annoncer Comment lui dire
64%
La noblesse de l’univers Les rois du monde
64%
A la surface de mon épiderme Sur ma peau
64%
Milan Vérone
64%
Subsister Vivre
64%
Subsister jusqu’à calancher Vivre à en crever
64%
Qui a fait ça ? A qui la faute
57%
Comment tu te dandines ? A quoi tu danses
57%
Cela fonctionne Ça marche
57%
Ces pierres précieuses ici Ces diamants là
57%
Révolte contre les nobles Contre ceux d'en haut
57%
Déchiqueté Déchiré
57%
Espace parmi les nuages et le sol Entre ciel et terre
57%
Subsister au sommet Être à la hauteur
57%
Je patientais J'attendais
57%
Les gens qui ont perdu leur carte nationale d’identité (peu pratique) Les sans papiers
57%
La période des églises Le temps des cathédrales
57%
Ma baston Mon combat
57%
Gamberger l’irréel Penser l'impossible
57%
Du moment que nous pouvons être dans nos pensées Tant qu'on rêve encore
57%
Me noyer dans son regard Tomber dans ses yeux
57%
Attaqué par ma propre réussite Victime de ma victoire
57%
Avec un autre type Auprès d'un autre
50%
Salutation Marie athée Ave Maria païen
50%
BGeeeeeette la meuf Belle
50%
Sous peu vient le terme C'est bientôt la fin
50%
Dandine toi Esméralda Danse mon Esméralda
50%
Sors nous de là Délivre nous
50%
Salut moi c’est JB Je m'appelle Jean-Baptiste
50%
Invocation du démon, bonjour J'en appelle
50%
La divinité c’est moi Je suis un dieu
50%
Donnez moi la planète Je veux le monde
50%
Le patio des évènements exceptionnels (intervention divine bonjour) La cour des miracles
50%
Se bastonner pour s’kiffer La guerre pour se plaire
50%
Le jugement La sentence
50%
Le meurtrier musical L'assasymphonie
50%
Proéminence d’un bâtiment Le balcon
50%
La salsa des démons Le bal des monstres
50%
La valse du système solaire Le ballet des planètes
50%
La douceur blessante Le bien qui fait mal
50%
Le cri du pigeon Le chant de l'alouette
50%
La baston Le duel
50%
On n’est pas Nous ne sommes
50%
Tout le monde connaît tout le monde Personne n'est personne
50%
Se développer personnellement Pour arriver à moi
50%
Un truc surnaturel Quelque chose de magique
50%
Faire demi tour Repartir
50%
Dans l’hypothèse où je fais le serment du petit doigt Si je te promets
50%
Te kiffer est sacrément relou T'aimer est une galère
50%
Au gosse A l'enfant
43%
Va voir Satan Au diable
43%
Rose à la gender reveal Avoir une fille
43%
Ça va aller bébé Ça ira mon amour
43%
Voici la rotation de la Terre C'est le jour
43%
C’est lui qu’à fait, pas moi ! C'est pas ma faute
43%
D’ici une rotation de la Terre Demain
43%
Au lit momo, c’est l'heure de dormir Dors Morgane dors
43%
Binôme en souffrance Duo du désespoir
43%
Large au chrono Encore du temps
43%
Pixar dans un château Et vice Versailles
43%
Regardez elle est amoureuse ! Et voilà qu'elle aime
43%
C’est papa le méchant J'accuse mon père
43%
Mamaaaaan y a un monstre sous mon lit J'ai peur
43%
Je me transposerais dans sa personne Je serai lui
43%
J’te kiffe that’s it Je t'aime c'est tout
43%
Prenez mon essence (la partie immatérielle de ma nature) Je vous rends mon âme
43%
J’crois j’ai Alzheimer J'sais plus
43%
Veux-tu m’épouser La demande en mariage
43%
Le projectile ou son point d’impact La flèche ou la cible
43%
La renommée à mes rotules La gloire à mes genoux
43%
La colère La haine
43%
Le tier-quar est à nous La rue nous appartient
43%
Le temps défile La vie passe
43%
Le troubadour Le poète
43%
La substance toxique Le poison
43%
Les sexys, les thons Les beaux les laids
43%
Les fichus discours passionnels Les maudits mots d'amour
43%
Mi casa es tu casa Ma maison c'est ta maison
43%
Jamais assez Never enough
43%
La rumeur qui court On dit dans la rue
43%
Nous rions du malheur des autres On se moque
43%
A travers la passion Par amour
43%
Afin qu’elles nous kiffent Pour qu'elles nous aiment
43%
Qu’est-ce que vous avez encore fait ? Qu'avons nous fait de vous
43%
Ils peuvent bien me dire “t’es con” Qu'ils me traitent d'idiot
43%
Je me pose la question de la nature de mon existence Qui suis-je
43%
Imaginer des choses je le fais souvent Rêver j'en ai l'habitude
43%
Fantasmer l’irréalisable Rêver l'impossible
43%
Tout seul quand elle n’est pas là Sans elle
43%
Tes ecchymoses Tes blessures
43%
Le plus grand spectacle The greatest show
43%
Ta silhouette opaque Ton ombre
43%
Epouse-le Tu dois te marier
43%
Tu vas prendre cher Tu vas le payer
43%
Je vais être démoli par ta personne Tu vas me détruire
43%
Debout c’est l’heure de se réveiller Wake up
43%
Avoir soif A boire
36%
Alea jacta es Advienne que pourra
36%
Des rêves plein la tête A million dreams
36%
A nos souhaits inviolables A nos vœux sacrés
36%
Quelle sera la suite de ce vers ? A quoi ça rime ?
36%
Au château du chef Au palais royal
36%
La nomade Bohémienne
36%
C’est l'existence qui m’a créé C'est la vie qui m'a fait
36%
Vient vivant Come alive
36%
Dans l’obscurité j’aperçois du sang Dans le noir je vois rouge
36%
Sorry Demander pardon
36%
Avec mes élytres personnels De mes propres ailes
36%
Les cloches Ding dong
36%
Elles sont enceintes Elles portent en elles
36%
Sur le côté En aparté
36%
Slalomer entre les fleurs épineuses Éviter les roses
36%
Oh coucou Hey ha
36%
C'est l'heure Il est temps
36%
All in Je mise tout
36%
Activités ludiques pas sans risques Jeux dangereux
36%
La dégénérescence cérébrale La folie
36%
Foutez-nous la paix Laissez nous vivre
36%
Le châtiment des pleurs La justice des larmes
36%
La passion que j’ai pas eu L'amour dont elle m'a privé
36%
Ils eurent beaucoup d’enfants L'amour heureux
36%
Les loups garou sont de sortis La nuit m'appelle
36%
Envahissons une prison La prise de la Bastille
36%
Bébé qui pleure Le cri de ma naissance
36%
La planète est idéale Le monde est parfait
36%
Le gouvernement Le pouvoir
36%
Ding dong Les cloches
36%
La gueule de bois de l’existence L'ivresse de la vie
36%
Méticuleux à l’excès Maniaque
36%
Bye bye la meuf Mort de Juliette
36%
Bye bye le couz’ ! Mort de Mercutio
36%
Bye bye le mec Mort de Roméo
36%
Persévérez Ne renoncez jamais
36%
Nos organismes matériels qui s’éloignent de la berge Nos corps à la dérive
36%
Dans quel monde allons-nous si on se kiffe Ou ça mène quand on s'aime
36%
Entrée Ouverture
36%
Poussez vous j’arrive Place je passe
36%
En faveur d’un état d’abattement Pour la peine
36%
Quelle est la cause Pourquoi
36%
Prologue Prélude
36%
C’est garanti j’ai prêté serment Promis c'est juré
36%
Qu’est-ce qu’on se fait chier Quel ennui
36%
Tout juste ado Quinze ans à peine
36%
Date chez Satan Rendez vous en enfer
36%
Renommer les astres Rewrite the stars
36%
Si la passion est réelle Si l'amour existe
36%
Help SOS
36%
Rancœur à foison Tant de haine
36%
Sol Terre
36%
C’est moiiiiiii This is me
36%
Il arrivera que tu chutes Tu finiras par tomber
36%
Un compère semblable à ta personne Un ami comme toi
36%
Coucou c’est moi (salutations) Un geste de vous
36%
Une rotation de la Terre Un jour
36%
Renouveler la planète Un monde à changer
36%
Un décollage inédit Un nouveau départ
36%
Ce jour tout est ok Aujourd'hui tout va bien
29%
Être jeune Avoir 20 ans
29%
Première danse Bal 1
29%
Seconde danse Bal 2
29%
BG le jaune Beau comme le soleil
29%
Devenir ce que l'existence a prévu pour ma personne Ce que la vie a fait de moi
29%
Ces chagrins égarés Ces peines perdues
29%
Sérénade de l’enfant de Toy story Chanson d'Andy
29%
Délinquants Coupables
29%
Se transformer en une autre personne Devenir quelqu'un
29%
Utiliser un stéthoscope Écouter son cœur
29%
Pourquoi pas notre binôme Et si c'était nous deux
29%
Feindre Faire comme si
29%
Stationnaire Fixe
29%
Désormais From now on
29%
Il aurait été seulement nécessaire Il aurait suffit
29%
J’ai souscrit un consentement J'ai dit oui
29%
J’identifie ces organes globuleux Je connais ces yeux
29%
Debout j’y retourne Je me relève
29%
Je songe à notre relation Je pense à nous
29%
Je dois me retirer, malheureusement Je vous laisse hélas
29%
Sérénade gémellaire La chanson des jumelles
29%
Le déhanchement des belliqueux La danse des guerriers
29%
La thunasse L'argent
29%
La sérénade du gros lézard Le chant du dragon
29%
La rotation de la terre dont on fantasme Le jour qui se rêve
29%
Les avenues de la capitale Les rues de Paris
29%
Le diablotin Le trublion
29%
Debout compagnons Levons nous
29%
La tempête L'orage
29%
Ce mec connaît vraiment mon existence Lui sait qui je suis
29%
Ma colère Ma rage
29%
Ma personne manifeste une ferme volonté Moi je veux
29%
Ta gueule Ne dis rien
29%
Le mec du soleil / Apollon Phoebus
29%
C’est trop cool d’être blindé (vive la thune) Que c'est bon d'être un bourgeois
29%
Contemple tout droit Regarde devant
29%
J’attire l’attention sur ma personne Regardez moi
29%
Bouge pas Reste
29%
Tout seul quand elles ne sont pas là Sans elles
29%
Créatures aquatiques à queue et satellites dans le ciel Sirènes et lunes
29%
De l’autre côté The other side
29%
Sur un fil Tightrope
29%
Never forever Toujours jamais
29%
Le début de la contraposée de Lavoisier Tout se perd
29%
Kiffer votre personne Vous aimer
29%
Arrêter de persévérer lors d’une rotation de la terre Y renoncer un jour
29%
T’es son crush C'est toi qu'elle aime
21%
Sérénade d’un mammifère aquatique à une personne âgée Chanson de Delphine à Lancien
21%
Sérénade de Verstappen Chanson de Maxence
21%
Sérénade de Timon damoiselle Chanson de Simon Dame
21%
Quelle est l’origine de ce sentiment passionnel si intense D'où vient l'amour
21%
Ouvre tes tympans à mes vibrations vocales Entends ma voix
21%
Faire du ouija Esprit es-tu là
21%
Est-ce que ça pourrait être ce gars Et si c'était lui
21%
Colère de Zeus Fureur du ciel
21%
Prestigia Gloria
21%
Heigh oh Ho hé
21%
Terrienne Humaine
21%
Je suis en manque de kiff comme l’ensemble de la société J'ai besoin d'amour comme tout le monde
21%
Je crée des stars Je fais des vedettes
21%
Ma personne ressemble à de l’argent liquide Je suis cash
21%
Hyperthermie (prends un doliprane mon gars) La fièvre
21%
La volonté de Dieu La providence
21%
Les représailles La vengeance
21%
Le fragment de nos personnes L'éclat de nous
21%
Encore la planète Le monde à nouveau
21%
Un bébé qui n’est pas dans la lumière L'enfant de l'ombre
21%
Le serment Le pacte
21%
Fille sans parents L'orpheline
21%
Mon unique sérénade in love Ma seule chanson d'amour
21%
Pestiféré par la vie Maudit sois-je
21%
Notant colline notant jambon Notting Hill Nottingham
21%
Vagabondage de quartier en quartier Nous voyageons de ville en ville
21%
Nous demeurons en ce lieu pour cette raison On est là pour ça
21%
Dans ma tête On my mind
21%
Le prologue de la fameuse épée Ouverture d'Excalibur
21%
Au moment où il survient dans mon esprit Quand je pense à lui
21%
La nature de mon existence Qui je suis
21%
Abandonné contre le monde entier Seul contre tous
21%
Le monde uni pour lui Tous pour un
21%
La phrappe est nickel Tout est écrit
21%
Faire cadeau de la totalité Tout offrir
21%
Une offre transparente Une proposition honnête
21%
Parmi tes spéculations Dans tes pensées
14%
Duel Face à face
14%
Les jets microscopiques Les petits avions
14%
Votre train TER à destination de Paris va partir L'heure du départ
14%
Je cherche un sentiment fort de passion Où est mon amour
14%
Aucun quiz correspondant
Distribution des résultats
% des personnes avec chaque résultat
Percentile par nombre de réponses
Votre historique - résultats
Vous n’avez pas pris ce quiz